| 000 | 00627nam a2200229 a 4500 | ||
|---|---|---|---|
| 005 | 20210219152851.0 | ||
| 008 | 991125n 000 0 eng u | ||
| 035 | _aUPN01000064131 | ||
| 100 | _aCobb, Paul | ||
| 222 | _aSCIENCE EDUCATION | ||
| 245 | _aAnalogies from the philosophy and sociology of science for understanding classroom life | ||
| 300 | _a23-44 | ||
| 362 | _a1991 75, No. 1 | ||
| 505 | _aMarzo 1993 | ||
| 653 | 0 | _aEDUCACION BASICA | |
| 653 | 0 | _aEDUCACION MATEMATICA | |
| 653 | 0 | _aINVESTIGACION EDUCATIVA | |
| 700 | _aWood, T. | ||
| 700 | _aYackel, E. | ||
| 904 |
_aAC _b001942 |
||
| 905 | _aArticulo | ||
| 999 |
_c62432 _d62432 |
||